[Event "FRA-chT2 0910"]
[Site "France"]
[Date "2010.01.24"]
[Round "7.8"]
[White "Anamba Onana, Marie Therese"]
[Black "Doucet, Antoine"]
[Result "0-1"]
[WhiteElo "1680"]
[BlackElo "1782"]
[PlyCount "102"]
[EventDate "2009.09.27"]
[EventType "team-tourn"]
[EventRounds "11"]
[EventCountry "FRA"]
[SourceTitle "EXT 2011"]
[Source "ChessBase"]
[SourceDate "2010.11.26"]
[SourceVersion "1"]
[SourceVersionDate "2010.11.26"]
[SourceQuality "1"]

1. e4 c5 2. Nc3 Nc6 3. Nf3 g6 4. d4 cxd4 5. Nxd4 Bg7 6. Be3 Nf6 7. Bb5 0-0 8. Qd2 Ng4 9. Nxc6 bxc6 10. Bc4 Nxe3 11. Qxe3 Qa5 12. 0-0 Rb8 13. Bb3 d6 14. Rfd1 Bg4 15. Re1 Rb7 16. h3 Bd7 17. Rad1 Qh5 18. Rd3 Be5 19. f4 Bg7 20. Qg3 Bf6 21. Rf1 c5 22. Nd5 Bd4+ 23. Kh1 Bb5 24. c4 Bc6 25. f5 Bxb2 26. Bd1 Qh6 27. f6 Bxd5 28. exd5 Bxf6 29. Bb3 Qg5 30. Qf3 Qe5 31. Kg1 Qb2 32. Rf2 Bd4 33. Rdd2 Bxf2+ 34. Qxf2 Qe5 35. Re2 Qf6 36. Qg3 Qd4+ 37. Re3 f5 38. Qf2 f4 39. Re6 Qxf2+ 40. Kxf2 Rf6 41. Re4 g5 42. Kf3 h5 43. Kf2 Kf7 44. Kf3 e5 45. Re2 a5 46. Kf2 Rb4 47. Re4 a4 48. Bd1 Rb2+ 49. Kf1 Rxa2 50. Bxh5+ Kg7 51. Bd1 a3 0-1

[Event "FRA-chT2 0910"]
[Site "France"]
[Date "2009.10.17"]
[Round "2.8"]
[White "Anamba Onana, Marie Therese"]
[Black "Pays, Natacha"]
[Result "1/2-1/2"]
[WhiteElo "1680"]
[BlackElo "1500"]
[PlyCount "94"]
[EventDate "2009.09.27"]
[EventType "team-tourn"]
[EventRounds "11"]
[EventCountry "FRA"]
[SourceTitle "EXT 2011"]
[Source "ChessBase"]
[SourceDate "2010.11.26"]
[SourceVersion "1"]
[SourceVersionDate "2010.11.26"]
[SourceQuality "1"]

1. e4 e5 2. Nf3 Nc6 3. Nc3 Nf6 4. Bb5 d6 5. d4 exd4 6. Qxd4 Bd7 7. Bxc6 Bxc6 8. 0-0 Be7 9. Bf4 0-0 10. Rfe1 Re8 11. Rad1 Qd7 12. h3 Nh5 13. Qe3 Nxf4 14. Qxf4 Rad8 15. Ne5 Qe6 16. Ng4 Qg6 17. Nd5 Bg5 18. Qf3 Rc8 19. c3 Bxd5 20. Rxd5 c6 21. Rf5 h5 22. Ne3 b5 23. Nf1 h4 24. Ne3 Bxe3 25. Rxe3 Re6 26. Qf4 Qh6 27. Rxf7 Qxf4 28. Rxf4 g5 29. Rf5 Rg6 30. e5 dxe5 31. Rexe5 Rd8 32. Kf1 Rd2 33. Re2 Rd1+ 34. Re1 Rd2 35. Rb1 Kg7 36. Ke1 Rd8 37. f3 Re6+ 38. Kf1 Kg6 39. Rc5 Rd2 40. a3 Ree2 41. Rxc6+ Kf5 42. Rc5+ Kf4 43. Rxb5 Rf2+ 44. Ke1 Rfe2+ 45. Kf1 Rf2+ 46. Ke1 Rfe2+ 47. Kf1 Rf2+ 1/2-1/2

[Event "FRA-ch U16 Girls"]
[Site "Le Grand Bornand"]
[Date "2007.04.??"]
[Round "6"]
[White "Anamba Onana, Marie Therese"]
[Black "Buscara, Lena"]
[Result "0-1"]
[WhiteElo "1430"]
[BlackElo "1740"]
[PlyCount "76"]
[EventDate "2007.04.07"]
[EventType "swiss"]
[EventRounds "9"]
[EventCountry "FRA"]
[SourceTitle "CBM 118 Extra"]
[Source "ChessBase"]
[SourceDate "2007.07.04"]
[SourceVersion "1"]
[SourceVersionDate "2007.07.04"]
[SourceQuality "1"]

1. e4 d6 2. d4 Nf6 3. Nc3 Nbd7 4. Nf3 e5 5. Bc4 Be7 6. 0-0 0-0 7. Ng5 c6 8. Bxf7+ Rxf7 9. Nxf7 Kxf7 10. Re1 b5 11. a3 a6 12. Be3 Bb7 13. f4 Qc7 14. Rf1 Kg8 15. Qf3 Rf8 16. Qg3 Nh5 17. Qg4 Ndf6 18. Qe6+ Kh8 19. fxe5 Bc8 20. Qb3 dxe5 21. Bg5 exd4 22. Ne2 Nxe4 23. Bxe7 Qxe7 24. Rxf8+ Qxf8 25. Rf1 Nhf6 26. Qd3 Qd6 27. Rf4 Nc5 28. Qf3 Ne6 29. Rh4 Ng5 30. Qd3 Ng4 31. Qd2 Qf6 32. Nf4 Ne4 33. Ng6+ Qxg6 34. Qe1 Ne3 35. g3 h6 36. Rf4 Bf5 37. Kh1 Qh5 38. Rh4 Qf3+ 0-1

[Event "FRA-chT2B 0506"]
[Site "France"]
[Date "2006.01.15"]
[Round "6.9"]
[White "Congiu, Mathilde"]
[Black "Anamba Onana, Marie Therese"]
[Result "1-0"]
[WhiteElo "2089"]
[BlackElo "1420"]
[PlyCount "63"]
[EventDate "2005.10.27"]
[EventType "team-tourn"]
[EventRounds "11"]
[EventCountry "FRA"]
[SourceTitle "EXT 2006"]
[Source "ChessBase"]
[SourceDate "2005.11.24"]
[SourceVersion "1"]
[SourceVersionDate "2005.11.24"]
[SourceQuality "1"]
[WhiteTeam "Pontoise"]
[BlackTeam "Creteil  II"]
[WhiteTeamCountry "FRA"]
[BlackTeamCountry "FRA"]

1. e4 e5 2. Nc3 Nc6 3. Bc4 Nf6 4. d3 Bc5 5. f4 d6 6. Nf3 Be6 7. Nd5 Ng4 8. Qe2 Bf2+ 9. Kf1 Bc5 10. Ke1 Ne7 11. h3 Nh6 12. fxe5 dxe5 13. Bxh6 gxh6 14. Nf6+ Kf8 15. Bxe6 fxe6 16. Nxe5 Ng6 17. Nfd7+ Ke8 18. Nxg6 hxg6 19. Nxc5 Qe7 20. d4 e5 21. Qg4 Rg8 22. Qe6 Qxe6 23. Nxe6 Kd7 24. d5 Kd6 25. c4 c5 26. Rf1 Rac8 27. Rf7 Rb8 28. a4 a6 29. Ra3 g5 30. Raf3 Rg6 31. Ng7 Rg8 32. Nf5# 1-0